| 000 | 01972nam a2200385 c 4500 | ||
|---|---|---|---|
| 999 |
_c425918 _d425918 |
||
| 003 | BLK | ||
| 005 | 20250319154449.0 | ||
| 008 | 180410b bul|||||r ||||||| ||bul|| | ||
| 010 | _aKNG00150649000 | ||
| 020 | _a9786192401078 | ||
| 040 | _aBLK | ||
| 041 |
_aBUL _cBUL |
||
| 072 | 7 |
_2bullib _aН39 _xЕтнология. Фолклористика Н |
|
| 080 |
_aНрави и обичаи в частния живот. Обреди при раждане, кръщене, пълнолетие, жертвопринасяне, сватба, семеен живот, брак, любов, дружба, гостоприемство, осиновяване и др. _b392 _x(497.2) _z392(497.2) |
||
| 080 |
_aНародни вярвания. Народни обичаи. Суеверия, свързани с годишни времена, с дома, религиозни празници и др. Нестинарство _b398.3 _x(497.2) _z398.3(497.2) |
||
| 100 | 1 |
_aБаева, Вихра Господинова _eпърви автор _9328351 |
|
| 139 |
_aБаева, Вихра Господинова _bБ 13 |
||
| 245 |
_aГоляма книга българските празници и обичаи _cВихра Баева, Веселка Тончева |
||
| 257 | _aBGR | ||
| 260 |
_bПАН _c2019 _9209558 _aСофия _n978-954-660- ; 978-954-657- |
||
| 300 |
_a256 с. _bс цв. ил. _c24 см |
||
| 380 | _a3 | ||
| 500 | _aЗа авторите: с. 251 | ||
| 504 | _aБиблиогр.: с. 247-250 | ||
| 650 | 4 |
_aНародни вярвания, български _9249706 |
|
| 650 | 7 |
_aНародни обичаи и обреди, български _2 _9163359 |
|
| 651 | 4 |
_aБългария _9241624 |
|
| 653 | _aбългарски обичаи | ||
| 653 | _aнародни вярвания | ||
| 653 | _aобреди | ||
| 659 | _aН | ||
| 852 | _aЦб 308543 | ||
| 942 |
_cKNG _n0 _s1 _02 |
||
| 944 |
_aCR _c2021-07-29 _k30564 _lАнна Гръцманова |
||